000 00661nam a22002177a 4500
001 00028845
005 20260427091036.0
008 260423b ag ||||| |||| 00| 0 spa d
040 _aAR-CcCEOS
_bspa
_cAR-CcCEOS
041 _aspa
080 _a930.9
090 _bPIE t.3
100 1 _aPietri, Luce
_91100
245 _aEl mundo y su historia III :
_bLa edad media (siglos V a XV) /
_cLuce Pietri
260 _aBarcelona :
_bArgos,
_cc1969.
300 _a612 p. ;
_c24x18 cm.
490 _vEl mundo y su historia ; v.3 LA EDAD MEDIA
655 0 _ahistoria universal
_9147
942 _2udc
_cBK
_n0
999 _c28886
_d28886